000 00264nam a2200133Ia 4500
100 _aThiruthuvadoss/M.A
490 _v1
942 _cBK
654 _aMaths
245 _aMagic Maths I
260 _bThiruthivadoss
082 _a510/DAS
_bDAS
546 _aENGLISH
999 _c35643
_d35643